Platobné karty

Bibliographic Details
Main Author: Miháliková, Anna (Author)
Format: Book
Language:Slovak
PhysicalDescription:71 s. 21 cm
Published: Bratislava Elita 1992
ISBN:8085323192
Edition:1. vyd.
Subjects:

MARC

LEADER 00000nam a2200000 a 4500
001 vtls001069172
003 SK-MaSNL
005 20260301110913.0
008 250414s1992 xo 0 slo
015 |a SNBA1992/10 
020 |a 8085323192 
035 |a SNK000012002 
040 |a SNK  |b slo  |c SNK  |e AACR2 
041 0 |a slo 
044 |a xo  |c SK 
080 |a 339.72  |2 1981 
080 |a 336.717.11  |2 1981 
100 1 |a Miháliková, Anna  |4 aut  |9 5890 
245 1 0 |a Platobné karty  |c Anna Miháliková 
250 |a 1. vyd. 
260 |a Bratislava  |b Elita  |c 1992  |e Bratislava  |f STU 
300 |a 71 s.  |c 21 cm 
500 |a Lit. 19. 19 zázn. v slov. a češ. 
650 0 7 |a bankovníctvo  |2 SNKPH  |9 2101 
650 0 7 |a platobný styk  |2 SNKPH  |9 3664 
655 7 |a príručky  |2 SNKPH  |9 74364 
852 |a Slovenská národná knižnica 
919 |a 80-85323-19-2 
954 |a styk platobný  |a karty platobné 
958 |a NB 
958 |a TL 
999 |c 704706  |d 706636 
952 |t P60, <04>, [BOOK], {604}  |a SNK  |b SNK  |y VYP  |7 0  |p 17A0015452  |o snkSC 82229 D1  |0 0  |1 0  |4 0  |d 1996-10-23  |l 0  |r 2004-12-31 00:00:00  |w 2026-02-23 
952 |a SNK  |b SNK  |y PREZ  |7 0  |p 17A0949185  |o snkSC 82229  |0 0  |1 0  |4 0  |d 2012-08-14  |l 0  |r 2025-08-19 00:00:00  |w 2026-02-23